00771nam a2200181 a 450000100100000000500170001000800410002702000150006804000250008308200090010810000260011724501100014326000330025330000280028659000760031495201820039099900170057200003539920200930074319.0111031s1986 fr a 000 0 spa d a9231023977 aDO-SdBNPbspacBNPHU aXXXX1 aHamadache, Ali96122510aTheory and practice of literacy work :bpolicies, strategies and example /cAli Hamadache, Daniel Martin. aParis :bUnesco/Code,c1986. a232 p. :bil. ;c22 cm. aPerteneció a la biblioteca personal de Juan Isidro Jimenes Grullón. 001050718MOaGRbGRcCTd2011-10-31iLF1l0oXXXX p35399-10r2020-06-25w2020-06-25y1zPerteneció a la biblioteca personal de Juan Isidro Jimenes Grullón.ZNo se presta c34890d34890